[Event "OLSW 2122 SK Frankenthal - Turm Illinge"]
[Site "?"]
[Date "2022.04.03"]
[Round "8.1"]
[White "Klein, Joachim"]
[Black "Syrov, Arkadi"]
[Result "1-0"]
[WhiteElo "2189"]
[BlackElo "2354"]
[PlyCount "133"]
[EventDate "2022.??.??"]

1. d4 Nf6 2. Bf4 d5 3. e3 Bg4 4. Qd3 c6 5. h3 Bh5 6. Qb3 Qb6 7. Nd2 e6 8. Ngf3
Nbd7 9. Be2 a5 10. O-O Ne4 11. Bd3 Nxd2 12. Nxd2 a4 13. Qxb6 Nxb6 14. Rfc1 Bg6
15. Bxg6 hxg6 16. Bc7 Ra6 17. Bxb6 Rxb6 18. Rab1 Kd7 19. c4 Bb4 20. Nf3 f6 21.
Kf1 g5 22. Ke2 Rc8 23. Rc2 Be7 24. Kd3 Rb4 25. e4 dxe4+ 26. Kxe4 c5 27. d5 b5
28. dxe6+ Kxe6 29. Nd2 bxc4 30. Nxc4 Rd8 31. Kf3 Rd3+ 32. Ke2 Rd4 33. Rbc1 f5
34. Nd2 Rd5 35. b3 axb3 36. axb3 Kd6 37. Ra1 Bf6 38. Ra6+ Kc7 39. f3 Bd4 40.
Rca2 Rb7 41. Ra7 Re5+ 42. Kd1 Bc3 43. Nc4 Re6 44. Kc2 Bb4 45. Kd3 Rg6 46. Rxb7+
Kxb7 47. Re2 g4 48. hxg4 fxg4 49. f4 Rf6 50. Re7+ Kc6 51. Ke4 Bc3 52. Ne5+ Kd6
53. Rb7 g3 54. Nc4+ Kc6 55. Rb6+ Kc7 56. Rxf6 gxf6 57. Kd5 Bb4 58. f5 Kd7 59.
Nd6 Kc7 60. Ne4 Kb6 61. Nxf6 Kb5 62. Nd7 Bc3 63. f6 Kb4 64. f7 Bg7 65. Nxc5 Bh6
66. Ne6 Kxb3 67. Ke4 1-0

[Event "OLSW 2122 SK Frankenthal - Turm Illinge"]
[Site "?"]
[Date "2022.04.03"]
[Round "8.2"]
[White "Fulea, Dan"]
[Black "Biehler, Thomas"]
[Result "1/2-1/2"]
[WhiteElo "2214"]
[BlackElo "2240"]
[PlyCount "83"]
[EventDate "2022.??.??"]

1. e4 c5 2. Nf3 Nc6 3. c3 Nf6 4. e5 Nd5 5. d4 cxd4 6. cxd4 d6 7. Bc4 Nb6 8. Bb5
dxe5 9. Nxe5 Bd7 10. Bxc6 Bxc6 11. Nxc6 bxc6 12. O-O e6 13. Nc3 Be7 14. Qf3 O-O
15. Rd1 Nd5 16. Na4 Qd7 17. Be3 Nb6 18. Nc3 f5 19. Bf4 Rad8 20. Rac1 Bf6 21.
Be5 Bg5 22. Rc2 Nc4 23. Qe2 Nxe5 24. dxe5 Qc7 25. Re1 Rd7 26. Qc4 Kh8 27. f4
Qb6+ 28. Kh1 Rd4 29. Qxe6 Rxf4 30. Rce2 Rf2 31. Qc4 Rf4 32. Qd3 Rd8 33. Qg3 Rg4
34. Qf3 g6 35. e6 Be7 36. h3 Rgd4 37. Qe3 Qc7 38. Qe5+ Qxe5 39. Rxe5 Kg7 40.
Ra5 Kf6 41. Rxa7 R8d6 42. Rc7 1/2-1/2

[Event "OLSW 2122 SK Frankenthal - Turm Illinge"]
[Site "?"]
[Date "2022.04.03"]
[Round "8.3"]
[White "Giese, Tilman"]
[Black "Syska, Albert"]
[Result "1-0"]
[WhiteElo "1972"]
[BlackElo "2206"]
[PlyCount "163"]
[EventDate "2022.??.??"]

1. Nf3 b6 2. g3 Bb7 3. Bg2 e6 4. O-O Nf6 5. d3 c5 6. Nbd2 Be7 7. e4 d6 8. Qe2
Nbd7 9. c3 Qc8 10. Re1 O-O 11. h4 Re8 12. Nh2 a5 13. a4 e5 14. Nhf1 d5 15. Ne3
dxe4 16. dxe4 Ba6 17. c4 Nb8 18. Nd5 Nc6 19. Nxb6 Nd4 20. Qd1 Qe6 21. Nxa8 Rxa8
22. b3 Rb8 23. Bb2 Qb6 24. Bc3 Rd8 25. Rb1 Nd7 26. Nf3 Bd6 27. Nxd4 cxd4 28.
Bd2 Nb8 29. Qc2 Bc5 30. Qd3 Nc6 31. Kh2 Bb4 32. Bxb4 Nxb4 33. Qd2 Bc8 34. Bh3
Bb7 35. Bg2 d3 36. Re3 Qd4 37. Rd1 g6 38. g4 f6 39. h5 Rd7 40. hxg6 hxg6 41.
Rh3 Bxe4 42. f3 Bc6 43. Qh6 Qf4+ 44. Kg1 Qxh6 45. Rxh6 Kg7 46. Rh4 Rd4 47. Kf2
f5 48. Ke3 f4+ 49. Kf2 Kf6 50. Rh7 Bd7 51. Bh3 Kg5 52. Re7 Nc6 53. Rh7 Nb4 54.
Rh8 e4 55. fxe4 Rxe4 56. Ra8 Re2+ 57. Kf1 Kh4 58. Rxd3 Nxd3 59. Rh8+ Kg3 60.
Kxe2 Nc1+ 61. Ke1 Nxb3 62. Rd8 Bxa4 63. Rd3+ f3 64. Bf1 Nc5 65. Rd5 Ne4 66.
Rxa5 Bc2 67. c5 Bb3 68. Bd3 Nf2 69. Bb5 Ne4 70. Bd3 Nf2 71. Ba6 Ne4 72. c6 f2+
73. Ke2 Kg2 74. Ke3 Nd6 75. Ra1 Nc4+ 76. Ke2 Nd6 77. c7 Be6 78. g5 Bg4+ 79. Ke3
Be6 80. Kf4 Bd7 81. Bf1+ Kh2 82. Rd1 1-0

[Event "OLSW 2122 SK Frankenthal - Turm Illinge"]
[Site "?"]
[Date "2022.04.03"]
[Round "8.4"]
[White "Geyer, Bernhard"]
[Black "Hauer, Andreas"]
[Result "1-0"]
[WhiteElo "2148"]
[BlackElo "1913"]
[PlyCount "88"]
[EventDate "2022.??.??"]

1. d4 d5 2. Nf3 Nf6 3. g3 e6 4. Bg2 Be7 5. c4 O-O 6. Qc2 c5 7. dxc5 Qa5+ 8.
Nbd2 Qxc5 9. O-O b5 10. b3 Bb7 11. Bb2 Nc6 12. Rac1 dxc4 13. bxc4 b4 14. Nb3
Qb6 15. Ng5 h6 16. Bxf6 hxg5 17. Bxe7 Nxe7 18. c5 Qc7 19. c6 Ba6 20. Rfd1 Rad8
21. Qc5 Bxe2 22. Rxd8 Rxd8 23. Qxb4 Ba6 24. Qc5 Nd5 25. h3 Bc8 26. Nd4 a6 27.
a4 e5 28. Nf3 g4 29. hxg4 Bxg4 30. Ng5 Be6 31. Qc2 Nf6 32. Nxe6 fxe6 33. Qc4
Nd5 34. Qxa6 Rb8 35. Qd3 Rd8 36. Qg6 Nf6 37. Qb1 Rb8 38. Qa2 Kf7 39. Qc4 Rd8
40. Qc5 Ra8 41. Rb1 Ra7 42. Qxa7 Qxa7 43. Rb7+ Qxb7 44. cxb7 Nd7 1-0

[Event "OLSW 2122 SK Frankenthal - Turm Illinge"]
[Site "?"]
[Date "2022.04.03"]
[Round "8.5"]
[White "Feidt, Jonas"]
[Black "Kargoll, Peter"]
[Result "0-1"]
[WhiteElo "1628"]
[BlackElo "2131"]
[PlyCount "70"]
[EventDate "2022.??.??"]

1. c4 e6 2. g3 d5 3. Bg2 Nf6 4. Nf3 Be7 5. O-O O-O 6. b3 Nbd7 7. Bb2 a5 8. d3
c6 9. Nbd2 a4 10. e4 Ra6 11. e5 Ne8 12. d4 b6 13. Ne1 Bb7 14. f4 axb3 15. axb3
Rxa1 16. Bxa1 g6 17. g4 Ng7 18. Nc2 f5 19. h3 Qa8 20. Nf3 fxg4 21. Nh2 gxh3 22.
Bxh3 c5 23. Qg4 dxc4 24. bxc4 Be4 25. Ne3 cxd4 26. Bxd4 Nc5 27. Qg3 Qd8 28. Ba1
Bh4 29. Qg4 h5 30. Qd1 Nd3 31. Nf3 Nxf4 32. Qxd8 Nxh3+ 33. Kh2 Bxd8 34. Kxh3
Rxf3+ 35. Rxf3 Bxf3 0-1

[Event "OLSW 2122 SK Frankenthal - Turm Illinge"]
[Site "?"]
[Date "2022.04.03"]
[Round "8.6"]
[White "Huseynov, Ahad"]
[Black "Hoppstaedter, Daniel"]
[Result "1/2-1/2"]
[WhiteElo "2096"]
[BlackElo "1966"]
[PlyCount "88"]
[EventDate "2022.??.??"]

1. e4 c6 2. d4 d5 3. Nc3 dxe4 4. Nxe4 Nf6 5. Ng3 h5 6. Nf3 h4 7. Ne2 h3 8. gxh3
Bxh3 9. Bxh3 Rxh3 10. Nf4 Rh8 11. Qe2 e6 12. Bd2 Nd5 13. Nd3 Na6 14. Nde5 Be7
15. O-O-O Bf6 16. c4 Ne7 17. Bc3 Qc7 18. Rhg1 Rf8 19. Kb1 Nf5 20. d5 O-O-O 21.
dxc6 bxc6 22. c5 Kb7 23. b4 Ne7 24. a3 Rd5 25. Bb2 Rxd1+ 26. Rxd1 Nd5 27. Nc4
Bxb2 28. Kxb2 Ka8 29. Nd6 Nxc5 30. bxc5 Rb8+ 31. Kc1 Qa5 32. Nc4 Qc3+ 33. Qc2
Qxf3 34. Rd3 Qf4+ 35. Kd1 Qxh2 36. Qa4 Qh1+ 37. Kd2 Qh6+ 38. Kc2 e5 39. Nb6+
Nxb6 40. cxb6 Rxb6 41. Rd8+ Rb8 42. Rd7 Qh7+ 43. Kd2 Qh6+ 44. Kc2 Qh7+ 1/2-1/2

[Event "OLSW 2122 SK Frankenthal - Turm Illinge"]
[Site "?"]
[Date "2022.04.03"]
[Round "8.7"]
[White "Aubertin, Tim"]
[Black "Halabi, Ibrahim"]
[Result "1-0"]
[WhiteElo "1907"]
[BlackElo "2032"]
[PlyCount "119"]
[EventDate "2022.??.??"]

1. d4 d5 2. Bf4 Nf6 3. e3 e6 4. Bd3 Bd6 5. Bg3 c5 6. c3 Nc6 7. Nf3 O-O 8. Nbd2
b6 9. Qe2 Bb7 10. e4 Be7 11. Bh4 cxd4 12. Bxf6 Bxf6 13. e5 dxc3 14. bxc3 Be7
15. O-O g6 16. Rac1 Rc8 17. Nd4 Nxd4 18. cxd4 Ba3 19. Rxc8 Qxc8 20. Nb1 Be7 21.
Qb2 Qd7 22. Bb5 Bc6 23. Ba6 b5 24. Nc3 Rb8 25. Bxb5 Bxb5 26. a4 Bxf1 27. Qxb8+
Kg7 28. Kxf1 Qc6 29. Qb3 a5 30. g3 Bb4 31. Nb5 Qc4+ 32. Qxc4 dxc4 33. Ke2 f6
34. Nd6 fxe5 35. dxe5 c3 36. Kd3 g5 37. Ne4 Kg6 38. g4 h5 39. h3 h4 40. Nxc3
Ba3 41. Ke4 Kf7 42. Ne2 Ke8 43. f4 gxf4 44. Nxf4 Kf7 45. g5 Bb4 46. g6+ Kg7 47.
Nxe6+ Kxg6 48. Nf4+ Kf7 49. Kf5 Bc5 50. Ng6 Bf2 51. e6+ Ke8 52. Nf4 Bg3 53. Nd5
Bd6 54. Kf6 Bc5 55. e7 Kd7 56. Kf7 Bxe7 57. Nxe7 Kd6 58. Kf6 Kc5 59. Kg5 Kb4
60. Nc6+ 1-0

[Event "OLSW 2122 SC GEMA St. Ingbert - SK Alte"]
[Site "?"]
[Date "2022.04.03"]
[Round "8.1"]
[White "Bruehl, Andreas"]
[Black "Aditya, Pai"]
[Result "1-0"]
[WhiteElo "2325"]
[BlackElo "1575"]
[PlyCount "69"]
[EventDate "2022.??.??"]

1. c4 Nf6 2. Nc3 d5 3. cxd5 Nxd5 4. Nf3 g6 5. Qa4+ c6 6. Qd4 Nf6 7. Qxd8+ Kxd8
8. e4 Nbd7 9. e5 Nd5 10. Nxd5 cxd5 11. e6 fxe6 12. Ng5 Ne5 13. f4 h6 14. fxe5
hxg5 15. d4 g4 16. Kf2 Bh6 17. Bxh6 Rxh6 18. Kg3 Bd7 19. Rc1 Rc8 20. Rxc8+ Kxc8
21. Kxg4 Be8 22. Bd3 Rh8 23. h4 Kd8 24. g3 Rh6 25. Rf1 Rh8 26. Be2 g5 27. Kxg5
Rg8+ 28. Kf4 Rf8+ 29. Ke3 Rh8 30. Rh1 Bg6 31. h5 Be4 32. Rf1 Ke8 33. g4 b6 34.
g5 Rf8 35. Bb5+ 1-0

[Event "OLSW 2122 SC GEMA St. Ingbert - SK Alte"]
[Site "?"]
[Date "2022.04.03"]
[Round "8.3"]
[White "Heidorn, Oliver"]
[Black "Friedrich, Elias"]
[Result "1-0"]
[WhiteElo "2113"]
[BlackElo "1768"]
[PlyCount "119"]
[EventDate "2022.??.??"]

1. d4 d5 2. c4 e6 3. cxd5 exd5 4. Nc3 c6 5. Nf3 Nf6 6. Bg5 Nbd7 7. a3 Bd6 8. e3
a5 9. Bd3 Qb6 10. O-O O-O 11. Re1 Re8 12. Qc2 h6 13. Bh4 Qc7 14. Rac1 Qb8 15.
e4 dxe4 16. Nxe4 Nxe4 17. Bxe4 Kf8 18. Bxc6 Rxe1+ 19. Rxe1 g6 20. Bb5 Qc7 21.
Qxc7 Bxc7 22. Bxd7 Bxd7 23. Re7 Rd8 24. Bf6 Bb6 25. Ne5 Be8 26. Rxb7 Rxd4 27.
g3 Rd1+ 28. Kg2 Bd8 29. Bxd8 Rxd8 30. Rb6 Rd5 31. Nc4 Rc5 32. Ne3 Bc6+ 33. f3
a4 34. Kf2 Bd7 35. Rb4 Ra5 36. Nc4 Ra6 37. Nb6 Bc6 38. Ke3 Ke7 39. f4 Ra5 40.
Nc4 Rc5 41. Ne5 Be8 42. Kd2 Bb5 43. Rd4 g5 44. Nd3 Rf5 45. Nb4 Ke6 46. Re4+ Kd6
47. Na2 Bc6 48. Rb4 Ra5 49. Nc3 f5 50. Rb8 gxf4 51. gxf4 Bf3 52. Ke3 Kc7 53.
Rh8 Bc6 54. Rh7+ Kc8 55. Rxh6 Ra6 56. Nd5 Kd7 57. Nb4 Rb6 58. Rxc6 Rxb4 59.
axb4 Kxc6 60. Kd4 1-0

[Event "OLSW 2122 SC GEMA St. Ingbert - SK Alte"]
[Site "?"]
[Date "2022.04.03"]
[Round "8.6"]
[White "Alhassan, Radwan"]
[Black "Kaster, Martin"]
[Result "1/2-1/2"]
[WhiteElo "1633"]
[BlackElo "2049"]
[PlyCount "81"]
[EventDate "2022.??.??"]

1. d4 d5 2. c4 e6 3. Nc3 Nf6 4. Nf3 Be7 5. Bf4 O-O 6. cxd5 exd5 7. Qb3 c6 8. e3
Qb6 9. Bd3 Qxb3 10. axb3 Nbd7 11. O-O Re8 12. Rfc1 Nf8 13. h3 Ng6 14. Bh2 Be6
15. Kf1 Nd7 16. Ne1 Nh4 17. Nc2 Bf5 18. Bxf5 Nxf5 19. b4 a6 20. Na4 Bd6 21.
Bxd6 Nxd6 22. Nc5 Nf6 23. b3 Re7 24. Ne1 Nfe4 25. Ke2 f5 26. Ned3 Rf8 27. g3 g5
28. Rc2 f4 29. gxf4 gxf4 30. Rg1+ Kh8 31. Nxe4 Rxe4 32. Ne5 Nf5 33. Kd3 fxe3
34. fxe3 Rxe3+ 35. Kd2 Rxh3 36. Kc1 Rg3 37. Rf1 Kg7 38. Rcf2 Rg5 39. Nd7 Rd8
40. Nc5 Nxd4 41. Rf7+ 1/2-1/2

[Event "OLSW 2122 SC GEMA St. Ingbert - SK Alte"]
[Site "?"]
[Date "2022.04.03"]
[Round "8.8"]
[White "Dahl, Michael"]
[Black "Hoefer, Heijo"]
[Result "1/2-1/2"]
[WhiteElo "1582"]
[BlackElo "1860"]
[PlyCount "44"]
[EventDate "2022.??.??"]

1. d4 Nf6 2. c4 g6 3. Nc3 d5 4. Nf3 Bg7 5. Bf4 O-O 6. e3 c5 7. Be2 Nc6 8. O-O
cxd4 9. Nxd4 dxc4 10. Nxc6 bxc6 11. Bxc4 Bb7 12. Qb3 Qb6 13. Rfd1 Nd5 14. Nxd5
cxd5 15. Bxd5 Bxd5 16. Rxd5 Bxb2 17. Rb1 Qxb3 18. axb3 Bf6 19. Be5 e6 20. Ra5
Bxe5 21. Rxe5 Rfc8 22. g3 a5 1/2-1/2

[Event "OLSW 2122 SVG Saarbrücken - SK Landau"]
[Site "?"]
[Date "2022.04.03"]
[Round "8.1"]
[White "Leuranguer, Yannick"]
[Black "Philippe, Christophe"]
[Result "0-1"]
[WhiteElo "2245"]
[BlackElo "2375"]
[PlyCount "52"]
[EventDate "2022.??.??"]

1. e4 Nf6 2. e5 Nd5 3. d4 d6 4. Nf3 g6 5. Ng5 f6 6. Bc4 dxe5 7. dxe5 c6 8. exf6
exf6 9. Qe2+ Qe7 10. Ne4 Be6 11. O-O Nd7 12. Re1 O-O-O 13. Nxf6 N7xf6 14. Qxe6+
Qxe6 15. Rxe6 Bc5 16. Bg5 Rhf8 17. Bxf6 Nxf6 18. Nc3 Rd4 19. Bd3 Ng4 20. Ne4
Rxe4 21. Bxe4 Rxf2 22. Kh1 Re2 23. Bf5 Nf2+ 24. Kg1 Ne4+ 25. Kf1 Rf2+ 26. Ke1
gxf5 0-1

[Event "OLSW 2122 SVG Saarbrücken - SK Landau"]
[Site "?"]
[Date "2022.04.03"]
[Round "8.2"]
[White "Mohammad, Samir"]
[Black "Seger, Jan"]
[Result "1-0"]
[WhiteElo "2305"]
[BlackElo "2185"]
[PlyCount "101"]
[EventDate "2022.??.??"]

1. d4 Nf6 2. c4 g6 3. Nc3 Bg7 4. e4 d6 5. Nf3 O-O 6. Be2 e5 7. O-O Nc6 8. d5
Ne7 9. Ne1 Nd7 10. Be3 f5 11. f3 f4 12. Bf2 g5 13. Rc1 Ng6 14. c5 Nxc5 15. b4
Na6 16. Nb5 b6 17. Qa4 h5 18. Nxd6 cxd6 19. Bxa6 Bd7 20. Qa3 g4 21. Kh1 Rf7 22.
Be2 Bf8 23. Nd3 Rg7 24. Qb2 g3 25. hxg3 fxg3 26. Bxg3 Nh4 27. Bh2 Rxg2 28. Rf2
Qg5 29. Bf1 Rxf2 30. Qxf2 Rc8 31. f4 exf4 32. Bxf4 Qg4 33. Rxc8 Bxc8 34. Be2
Qh3+ 35. Bh2 Bg4 36. Nf4 Bf3+ 37. Bxf3 Qxf3+ 38. Qxf3 Nxf3 39. Nxh5 Kf7 40. Bf4
Ne1 41. Kg1 Kg6 42. Ng3 Nd3 43. Bd2 Bg7 44. Kf1 b5 45. Nf5 Be5 46. Ke2 Nb2 47.
Ne7+ Kf7 48. Nc6 a6 49. Nb8 Na4 50. Nxa6 Nc3+ 51. Kd3 1-0

[Event "OLSW 2122 SVG Saarbrücken - SK Landau"]
[Site "?"]
[Date "2022.04.03"]
[Round "8.3"]
[White "Schmidt, Justus"]
[Black "Oliwa, Patryk"]
[Result "1-0"]
[WhiteElo "2160"]
[BlackElo "2257"]
[PlyCount "79"]
[EventDate "2022.??.??"]

1. e4 e6 2. d3 d5 3. Nd2 Nf6 4. Ngf3 b6 5. c3 Ba6 6. Be2 Be7 7. O-O O-O 8. Re1
c5 9. e5 Nfd7 10. Nf1 Nc6 11. Bf4 b5 12. Qd2 b4 13. Ng3 bxc3 14. bxc3 Qa5 15.
Nh5 g6 16. Ng3 f6 17. exf6 Bxf6 18. d4 Bxe2 19. Nxe2 Nb6 20. Bh6 Nc4 21. Qf4
Rf7 22. Qg4 Ne7 23. Qxe6 Qb6 24. Qg4 Nf5 25. Bg5 Bg7 26. Rab1 Qa5 27. dxc5 Qxc5
28. Ned4 Qa5 29. Nxf5 Rxf5 30. h4 Qxc3 31. h5 Raf8 32. Re7 Ne5 33. Rxe5 Bxe5
34. hxg6 hxg6 35. Bd2 Qc6 36. Rc1 Qf6 37. Be3 d4 38. Bh6 Rf7 39. Rc8+ Kh7 40.
Bg5 1-0

[Event "OLSW 2122 SVG Saarbrücken - SK Landau"]
[Site "?"]
[Date "2022.04.03"]
[Round "8.4"]
[White "Bastian, Herbert"]
[Black "Bruch, Jochen"]
[Result "1/2-1/2"]
[WhiteElo "2248"]
[BlackElo "2197"]
[PlyCount "42"]
[EventDate "2022.??.??"]

1. e4 c5 2. Nc3 Nc6 3. g3 g6 4. Bg2 Bg7 5. d3 e6 6. Be3 Nd4 7. Qd2 Ne7 8. Nge2
O-O 9. O-O Re8 10. Nf4 Rb8 11. Nd1 b6 12. c3 Ndc6 13. Ne2 d5 14. f4 dxe4 15.
dxe4 Qxd2 16. Bxd2 Ba6 17. Re1 Rbd8 18. Be3 Rd7 19. Nf2 Red8 20. Bf3 Na5 21.
Rad1 Nc4 1/2-1/2

[Event "OLSW 2122 SVG Saarbrücken - SK Landau"]
[Site "?"]
[Date "2022.04.03"]
[Round "8.5"]
[White "Vogel, Johannes"]
[Black "Spielmann, Alain"]
[Result "1/2-1/2"]
[WhiteElo "2175"]
[BlackElo "2211"]
[PlyCount "84"]
[EventDate "2022.??.??"]

1. d4 d5 2. c4 e6 3. Nc3 c5 4. cxd5 exd5 5. dxc5 d4 6. Na4 b5 7. cxb6 axb6 8.
b3 Nf6 9. e3 Nc6 10. Nf3 Ne4 11. Bb5 Bb4+ 12. Nd2 Bd7 13. O-O Nc3 14. Nxc3 Bxc3
15. Rb1 Rxa2 16. exd4 Nxd4 17. Re1+ Ne6 18. Rxe6+ fxe6 19. Ne4 Bxb5 20. Qh5+
Kf8 21. Nxc3 Qd3 22. Qxb5 Qxc3 23. Be3 Ra1 24. Rf1 Rxf1+ 25. Kxf1 h6 26. Qxb6
Qd3+ 27. Ke1 Kf7 28. Bd4 Qe4+ 29. Kd2 Rc8 30. Bc3 Qd5+ 31. Qd4 Rd8 32. Qxd5
Rxd5+ 33. Kc2 g6 34. Bd2 h5 35. Be3 Ke7 36. Kc3 Kd7 37. Kc4 Kc6 38. b4 Rf5 39.
h4 Rd5 40. Bc5 Rd1 41. b5+ Kc7 42. Be3 Rd5 1/2-1/2

[Event "OLSW 2122 SVG Saarbrücken - SK Landau"]
[Site "?"]
[Date "2022.04.03"]
[Round "8.6"]
[White "Vogel, Christian"]
[Black "Lang, Matthias"]
[Result "0-1"]
[WhiteElo "2189"]
[BlackElo "2160"]
[PlyCount "68"]
[EventDate "2022.??.??"]

1. b3 f5 2. Bb2 e6 3. e4 Qh4 4. exf5 exf5 5. Nf3 Qe7+ 6. Be2 Nf6 7. O-O Qd8 8.
Re1 Be7 9. Bd3 O-O 10. Bxf5 Nc6 11. Nc3 Nh5 12. Bg4 Nf4 13. g3 h5 14. gxf4 hxg4
15. Ne5 d6 16. Nxg4 Rxf4 17. h3 Bh4 18. Re4 Bxg4 19. hxg4 Bxf2+ 20. Kg2 Qh4 21.
Rxf4 Qg3+ 22. Kf1 Qxf4 23. Nd5 Qg3 24. g5 Re8 25. Ne3 Rf8 26. Ke2 Qf3+ 27. Kd3
Nb4+ 28. Kc3 Nd5+ 29. Kd3 Nb4+ 30. Kc3 Nd5+ 31. Kd3 Nf4+ 32. Kd4 Qd5+ 33. Kc3
Qc5+ 34. Nc4 Bd4# 0-1

[Event "OLSW 2122 SVG Saarbrücken - SK Landau"]
[Site "?"]
[Date "2022.04.03"]
[Round "8.7"]
[White "Bold, Andre"]
[Black "Busche, Stefan"]
[Result "1/2-1/2"]
[WhiteElo "2148"]
[BlackElo "2071"]
[PlyCount "85"]
[EventDate "2022.??.??"]

1. e4 c5 2. Nf3 e6 3. b3 Nc6 4. Bb2 Qc7 5. g3 Nf6 6. d3 Be7 7. Bg2 O-O 8. O-O
a6 9. Re1 b6 10. e5 Ne8 11. c4 Bb7 12. Nbd2 d6 13. exd6 Nxd6 14. d4 cxd4 15.
Nxd4 Nxd4 16. Bxd4 Bxg2 17. Kxg2 Rfd8 18. Be5 Qc6+ 19. Qf3 Rac8 20. Rad1 Ne8
21. Qxc6 Rxc6 22. Ne4 Rcc8 23. Kf3 f6 24. Bb2 Kf7 25. Ke2 Nd6 26. Nxd6+ Bxd6
27. Rd3 e5 28. Red1 Ke6 29. Ba3 Bc7 30. f3 Rxd3 31. Rxd3 Rd8 32. Rxd8 Bxd8 33.
g4 g6 34. h3 f5 35. Kd3 Bf6 36. Bc1 Bd8 37. Be3 Kd6 38. gxf5 gxf5 39. Bf2 Kc6
40. a4 Be7 41. Be3 Bd6 42. Bc1 Be7 43. Be3 1/2-1/2

[Event "OLSW 2122 SVG Saarbrücken - SK Landau"]
[Site "?"]
[Date "2022.04.03"]
[Round "8.8"]
[White "Jenner, Meikel"]
[Black "Wolfer, Joshua"]
[Result "1-0"]
[WhiteElo "1970"]
[BlackElo "1993"]
[PlyCount "47"]
[EventDate "2022.??.??"]

1. c4 Nf6 2. g3 g6 3. Bg2 Bg7 4. Nc3 d6 5. e4 O-O 6. Nge2 e5 7. d3 a5 8. O-O c6
9. h3 Na6 10. Be3 Nc5 11. f4 Bh6 12. Qd2 Qe7 13. fxe5 Bxe3+ 14. Qxe3 dxe5 15.
Rxf6 Nxd3 16. Raf1 Nxb2 17. Qg5 Qc5+ 18. Kh2 Nd3 19. R1f3 Qxc4 20. h4 Bd7 21.
g4 Kg7 22. Rd6 f6 23. Rxd7+ Rf7 24. Qxf6+ 1-0

[Event "OLSW 2122 SK Gau-Algesheim - SVG Saarbr"]
[Site "?"]
[Date "2022.05.01"]
[Round "9.4"]
[White "Friedrich, Marius"]
[Black "Spielmann, Alain"]
[Result "0-1"]
[WhiteElo "2083"]
[BlackElo "2211"]
[PlyCount "74"]
[EventDate "2022.??.??"]

1. e4 c6 2. d4 d5 3. Nd2 dxe4 4. Nxe4 Nf6 5. Nxf6+ exf6 6. c3 Bd6 7. Bd3 O-O 8.
Ne2 Re8 9. O-O Nd7 10. f4 Qc7 11. h3 c5 12. Kh1 c4 13. Bc2 Nb6 14. Ng3 Bd7 15.
Bd2 Qc6 16. Qh5 g6 17. Qh6 Qd5 18. Rae1 Rxe1 19. Rxe1 Re8 20. Be4 Qb5 21. d5
Bf8 22. Qh4 f5 23. Bxf5 gxf5 24. Qg5+ Kh8 25. Rxe8 Bxe8 26. Be3 f6 27. Bd4 Nd7
28. Nxf5 Bg6 29. Bxf6+ Nxf6 30. Qxf6+ Kg8 31. Qe5 Qe8 32. Qf6 Qf7 33. Qxf7+
Bxf7 34. Ne3 b5 35. Ng4 Kg7 36. Ne3 Bc5 37. Nf5+ Kf6 0-1

[Event "OLSW 2122 SK Gau-Algesheim - SVG Saarbr"]
[Site "?"]
[Date "2022.05.01"]
[Round "9.8"]
[White "Froembgen, Andreas"]
[Black "Horacek, Helmut"]
[Result "0-1"]
[WhiteElo "1788"]
[BlackElo "1965"]
[PlyCount "130"]
[EventDate "2022.??.??"]

1. c4 Nf6 2. g3 c6 3. Bg2 d5 4. Nf3 g6 5. O-O Bg7 6. cxd5 cxd5 7. d4 Nc6 8. Nc3
Ne4 9. e3 Nxc3 10. bxc3 O-O 11. Ba3 Bf5 12. Nd2 Bd3 13. Re1 Na5 14. Nb3 Nxb3
15. axb3 Bf5 16. c4 dxc4 17. bxc4 Qc7 18. Qb3 Rab8 19. Rac1 b6 20. e4 Bc8 21.
e5 Rd8 22. Bb2 a5 23. Qe3 Qd7 24. Ba1 Ba6 25. c5 bxc5 26. Rxc5 Qa4 27. Qc3 Rb4
28. Bc6 Qa2 29. Qc2 Qxc2 30. Rxc2 Bb5 31. Bxb5 Rxb5 32. Rc7 e6 33. Ra7 Rc8 34.
Kg2 Bf8 35. g4 Bb4 36. Re2 Kg7 37. Bb2 Rc4 38. Kf3 Rb8 39. Ra6 Rbc8 40. Ba1 Rc1
41. Ra2 R8c2 42. Rxc2 Rxc2 43. d5 exd5 44. Bd4 Bc3 45. Ke3 Bxd4+ 46. Kxd4 Rxf2
47. Kxd5 Rxh2 48. Rxa5 h5 49. gxh5 gxh5 50. Ke4 Rf2 51. Ke3 Rf5 52. Ke4 Kg6 53.
Ra6+ Kg5 54. e6 fxe6 55. Rxe6 Rf1 56. Ra6 h4 57. Ra8 h3 58. Rh8 Kg4 59. Rg8+
Kh4 60. Rh8+ Kg3 61. Rg8+ Kf2 62. Rh8 Kg2 63. Rg8+ Kh1 64. Rg3 h2 65. Rg8 Rg1
0-1

[Event "OLSW 2122 SK Gau-Algesheim - SVG Saarbr"]
[Site "?"]
[Date "2022.05.01"]
[Round "9.6"]
[White "Meng, Gunter"]
[Black "Thomas, Anysia"]
[Result "0-1"]
[WhiteElo "1975"]
[BlackElo "2128"]
[PlyCount "36"]
[EventDate "2022.??.??"]

1. d4 Nf6 2. Nf3 g6 3. Nc3 d5 4. Bf4 Bg7 5. Qd2 Ne4 6. Nxe4 dxe4 7. Ne5 c5 8.
e3 O-O 9. O-O-O Be6 10. d5 Bc8 11. f3 Nd7 12. Nxd7 Qxd7 13. fxe4 Qa4 14. Kb1
Bg4 15. Rc1 Qxe4 16. Qd3 Bf5 17. Rd1 Rfd8 18. c4 e5 0-1

[Event "OLSW 2122 SK Gau-Algesheim - SVG Saarbr"]
[Site "?"]
[Date "2022.05.01"]
[Round "9.2"]
[White "Pryvalov, Ivan"]
[Black "Mohammad, Samir"]
[Result "0-1"]
[WhiteElo "2128"]
[BlackElo "2305"]
[PlyCount "114"]
[EventDate "2022.??.??"]

1. e4 c5 2. Nf3 e6 3. d4 cxd4 4. Nxd4 Nc6 5. Nc3 Nf6 6. Ndb5 d6 7. Bf4 e5 8.
Bg5 a6 9. Na3 b5 10. Nd5 Be7 11. Bxf6 Bxf6 12. c3 O-O 13. Nc2 Bg5 14. a4 bxa4
15. h4 Bh6 16. g4 Bf4 17. Rxa4 a5 18. Bc4 Rb8 19. b4 axb4 20. cxb4 Ne7 21. Nxf4
exf4 22. f3 d5 23. exd5 Nxd5 24. Ra7 Be6 25. Bxd5 Bxd5 26. Ra5 Qe7+ 27. Qe2 Qf6
28. Kf2 Bb3 29. Rf5 Qb6+ 30. Kg2 Rfe8 31. Qd3 Bxc2 32. Qxc2 Qxb4 33. Rd1 g6 34.
Rfd5 Rbc8 35. Qd2 Qc4 36. Kf2 Qa4 37. Rd4 Rc4 38. Rxc4 Qxc4 39. Qd3 Qc5+ 40.
Qd4 Qe7 41. Kg1 Qxh4 42. Qf2 Qg5 43. Rc1 h5 44. Rc5 Re5 45. Rxe5 Qxe5 46. gxh5
Qxh5 47. Qe2 Qc5+ 48. Kg2 Qg5+ 49. Kf1 Kg7 50. Qb2+ Qf6 51. Qb4 Qe5 52. Qc4 g5
53. Qc6 Qe3 54. Kg2 Qe2+ 55. Kg1 g4 56. fxg4 f3 57. Qc3+ Kh7 0-1

[Event "OLSW 2122 SK Gau-Algesheim - SVG Saarbr"]
[Site "?"]
[Date "2022.05.01"]
[Round "9.1"]
[White "Philippe, Christophe"]
[Black "Ovsejevitsch, Sergei"]
[Result "0-1"]
[WhiteElo "2375"]
[BlackElo "2571"]
[PlyCount "94"]
[EventDate "2022.??.??"]

1. e4 c5 2. Nf3 Nc6 3. c3 e6 4. d4 d5 5. e5 Qb6 6. Be2 Nh6 7. O-O cxd4 8. cxd4
Nf5 9. Nc3 Nfxd4 10. Nxd4 Qxd4 11. Nb5 Qxd1 12. Rxd1 Kd7 13. Be3 Bb4 14. a3 Ba5
15. f4 Bb6 16. Bxb6 axb6 17. Rac1 Ke7 18. Rc3 Bd7 19. Rg3 g6 20. h4 Ra4 21. b4
Raa8 22. h5 Rhg8 23. h6 g5 24. fxg5 Nxe5 25. Nd4 Rac8 26. Re1 Kd6 27. Kh2 Ba4
28. Rf1 Bc2 29. Nb5+ Ke7 30. Re1 Bg6 31. Bf1 Nc4 32. Kg1 Nd2 33. Nc3 Rgd8 34.
Be2 d4 35. Na4 Ne4 36. Rg4 Nc3 37. Nxc3 dxc3 38. Rc1 c2 39. Kf2 Rd2 40. Rg3 Bh5
41. Re3 Rxe2+ 42. Rxe2 Bxe2 43. Kxe2 Kd6 44. Kd2 Kd5 45. a4 Kd4 46. a5 bxa5 47.
bxa5 e5 0-1

[Event "OLSW 2122 SK Gau-Algesheim - SVG Saarbr"]
[Site "?"]
[Date "2022.05.01"]
[Round "9.7"]
[White "Frantz, Nicolas"]
[Black "Grieb, Lukas"]
[Result "1/2-1/2"]
[WhiteElo "2087"]
[BlackElo "1802"]
[PlyCount "86"]
[EventDate "2022.??.??"]

1. e4 c5 2. Nf3 Nc6 3. Bb5 d6 4. O-O e5 5. c3 Bg4 6. h3 Bxf3 7. Qxf3 Qb6 8. Bc4
Nf6 9. d3 Be7 10. Nd2 O-O 11. Bb3 Rad8 12. Nc4 Qc7 13. Bg5 Nd7 14. Bd2 b5 15.
Ne3 Nb6 16. Qg3 Bf6 17. Nf5 Kh8 18. Bg5 Bxg5 19. Qxg5 f6 20. Qg3 d5 21. d4 c4
22. Bc2 Qf7 23. Rad1 g6 24. Ne3 exd4 25. cxd4 dxe4 26. d5 Nxd5 27. Nxd5 Rxd5
28. Bxe4 Rxd1 29. Rxd1 Ne5 30. f4 Nd3 31. Bxd3 cxd3 32. Qxd3 a6 33. Qd6 Qa7+
34. Kh2 Kg8 35. Qe6+ Kh8 36. Rd7 Qf2 37. Qd6 Kg8 38. Qc7 Qh4 39. Qd6 g5 40.
Qe6+ Kh8 41. g3 Qh6 42. fxg5 Qg6 43. Qe2 fxg5 1/2-1/2